000
00302nam a22001337a 4500
008
181204b xxu||||| |||| 00| 0 eng d
020
_a
9780534950934
041
_a
eng
080
_a
004
100
_a
30
101
_a
SHK
245
_a
Understanding Operating Systems
_c
Flynn.I.M
942
_2
udc
_c
BK
999
_c
52806
_d
52806